000 00658nam a2200289Ia 4500
005 20260324144615.0
008 008 260324s9999 xx 000 0 eng d
020 _a9780203721506
037 _aEBOOK
040 _aCRL
040 _beng
040 _cCRL
041 _2eng
041 _aeng
084 _qCRL
100 _aMichael Pacione
_91158381
245 0 _aSocial Geography
245 0 _bProgress and Prospect
260 _bTaylor and Francis
260 _c1987
365 _a
365 _b180
856 _uhttp://www.taylorfrancis.com/books/9780203721506
942 _cEBOOK
999 _c1826762
_d1826762